| 000 | 00572nam a22002057a 4500 | ||
|---|---|---|---|
| 003 | OSt | ||
| 005 | 20240821164827.0 | ||
| 008 | 240821b |||||||| |||| 00| 0 eng d | ||
| 020 | _a9780470081204 | ||
| 040 | _cmust | ||
| 082 | _a006.76 BUR 2006 | ||
| 100 |
_aBurd,Barry _919056 |
||
| 245 |
_aRuby on rails for dummies/ _cBarry Burd. |
||
| 260 |
_aHoboken: _bWiley publishing; _cc2006. |
||
| 300 |
_axviii,329p.; _bill: _c24cm. |
||
| 440 |
_aput your site development on rails with ruby. _919057 |
||
| 500 | _aIncludes index. | ||
| 650 | _2computer | ||
| 942 |
_2ddc _cB_BANK |
||
| 999 |
_c9326 _d9326 |
||